000 01680cam a22004454i 4500
003 PE-LiUPU
005 20250731184517.0
008 150616s r 000 0 d
035 _a(Sirsi) a1822
040 _aPE-LiUPU
_bspa
_cPE-LiUPU
_erda
049 _aPRUA
082 0 4 _a985.061
_bM292n
_223
100 1 _aMantilla, Víctor,
_eautor.
245 1 0 _aNuestros héroes :
_bepisodios nacionales de la Guerra del Pacífico, 1879-1883 /
_cVíctor G. Mantilla.
264 1 _aLima :
_bUniverso,
_c1979.
300 _a245 páginas :
_bilustraciones ;
_c21 centímetros.
336 _atext
_2rdacontent
337 _aunmediated
_2rdamedia
338 _avolume
_2rdacarrier
505 0 _aLa insignia salvada -- La roca fatal -- Flemming -- La mejor ofrenda -- Mártir -- Grandes almas -- Dos voluntarios -- Inmortal -- Represalias -- José el músico -- Villavicencio -- Metamorfósis -- El mudo -- Corazón de fiera -- Manuel Harris -- Huamán -- Ladislao Espinar -- Los colorados -- Un guía inesperado -- La bandera blanca -- La bandera en el pino -- Albarracín -- Nobleza obligada -- De la fama a la gloria.
526 _aP136
526 _aP135
526 _aP134
526 _aP133
526 _aP144
526 _aP143
526 _aP87
526 _aP35
526 _aP20
526 _aP14
526 _aP10
526 _aP06
650 1 8 _aGuerra del Pacífico, 1864-1866
_93201
_zPerú.
651 2 8 _aPerú
_xHistoria
_y1879-1884.
_94342
910 _ajck
942 _2ddc
_cBK
999 _c17887
_d17887
980 _81
_gALBERTO SANCHEZ Responsable de Automatización